MARC

LEADER 00000nam0a2200000 4500
001 306143
005 20231102001851.0
035 |a (RuTPU)RU\TPU\book\331420 
090 |a 306143 
100 |a 20151003d1967 m y0rusy50 ca 
101 0 |a rus 
102 |a RU 
105 |a a j 001zy 
200 1 |a Полупроводниковые прибры  |e учебное пособие  |f А. Ф. Городецкий, А. Ф. Кравченко 
210 |a Москва  |c Высшая школа  |d 1967 
215 |a 348 с.  |c ил. 
320 |a Библиогр.: с. 343-345. 
606 1 |a Полупроводниковые приборы  |2 stltpush  |3 (RuTPU)RU\TPU\subj\50669  |9 69320 
610 1 |a учебные пособия 
610 1 |a полупроводники 
610 1 |a физика 
610 1 |a контактные явления 
610 1 |a терморезисторы 
610 1 |a фоторезисты 
610 1 |a эффект Холла 
610 1 |a тензорезистивные методы 
610 1 |a диоды 
610 1 |a фотогальванические элементы 
610 1 |a квантовые генераторы 
610 1 |a электронно-дырочные переходы 
675 |a 621.3832(075.8)  |v 3 
700 1 |a Городецкий  |b А. Ф.  |g Александр Фомич 
701 1 |a Кравченко  |b А. Ф.  |g Александр Филиппович 
801 1 |a RU  |b 63413507  |c 20151003 
801 2 |a RU  |b 63413507  |c 20200311  |g RCR 
942 |c BK